| 000 | 00847nam a2200241 a 4500 | ||
|---|---|---|---|
| 999 |
_c11691 _d11691 |
||
| 001 | 11691 | ||
| 003 | BD-JhCC | ||
| 005 | 20200720090355.0 | ||
| 008 | 200720b2020 bg a|||| ||a| 001 0 ben d | ||
| 020 | _a9789845250931 | ||
| 035 | _a(BD-JhCC)11691 | ||
| 040 |
_aBD-JhCC _dBD-JhCC |
||
| 041 | _aben | ||
| 082 |
_a305.8958 _bISL 2020 |
||
| 100 | _aইসলাম, মোহাম্মদ এমদাদুল | ||
| 245 |
_aরোহিঙ্গা: _bনিঃসঙ্গ নিপীড়িত জাতিগোষ্ঠী / _cমোহাম্মদ এমদাদুল ইসলাম । |
||
| 260 |
_aঢাকা: _bপ্রথমা প্রকাশন; _c২০২০. |
||
| 300 |
_a142 p . : _bill; _c22 cm. |
||
| 610 | _aBangladesh | ||
| 650 |
_aRohingya _xEthnic relations _zBurma |
||
| 942 |
_2ddc _cBK |
||